The man who saved India Srdar Patel and his ideas of India (Record no. 95749)
[ view plain ]
| 000 -LEADER | |
|---|---|
| fixed length control field | 00688nam a22001937a 4500 |
| 005 - DATE AND TIME OF LATEST TRANSACTION | |
| control field | 20200128102252.0 |
| 010 ## - LCCN (DPL NO) | |
| LC control number | B-731172 |
| 020 ## - INTERNATIONAL STANDARD BOOK NUMBER | |
| International Standard Book Number | 9780670089901 |
| Terms of availability | 799.00 |
| 037 ## - SOURCE OF ACQUISITION | |
| Stock number | dpl |
| Source of stock number/acquisition | DBAD/Pub |
| 082 ## - DEWEY DECIMAL CLASSIFICATION NUMBER | |
| Edition number | 921 |
| 100 ## - MAIN ENTRY--PERSONAL NAME | |
| Personal name | Sengupta, Hindol |
| 245 ## - TITLE STATEMENT | |
| Title | The man who saved India Srdar Patel and his ideas of India |
| Statement of responsibility, etc | Geoft Martz and Adam Robinson |
| 250 ## - EDITION STATEMENT | |
| Edition statement | 2016 |
| Remainder of edition statement | edited by Calvin Cato |
| 260 ## - PUBLICATION, DISTRIBUTION, ETC. (IMPRINT) | |
| Place of publication, distribution, etc | Gurgon |
| Name of publisher, distributor, etc | Penguin Random house |
| Date of publication, distribution, etc | 2018 |
| 270 ## - ADDRESS | |
| Address | 7th Floor, Infinity Tower C, DLF, Cyber City, |
| City | Gurgon |
| Postal code | 122002 |
| 300 ## - PHYSICAL DESCRIPTION | |
| Extent | xlii,437p. |
| Other physical details | photos |
| Dimensions | 22cm(Hb) |
| 942 ## - ADDED ENTRY ELEMENTS (KOHA) | |
| Source of classification or shelving scheme | Dewey Decimal Classification |
| Item type | English Books |
| Classification part | 921 |
| Call number suffix | SEN |
| Withdrawn status | Lost status | Not for loan | Collection code | Home library | Current library | Date acquired | Source of acquisition | Cost, normal purchase price | Full call number | Barcode | Copy number | Cost, replacement price | Koha item type |
|---|---|---|---|---|---|---|---|---|---|---|---|---|---|
| Non-fiction | Kadipur | Kadipur | 27/01/2020 | Gift/ Eng./13.11.2019 | 799.00 | 921 SEN | B-731172 | 1 | 799.00 | English Books |
